Tratado de la ley

Zapisane w:
Opis bibliograficzny
1. autor: Tomás de Aquino 1220-1274 Santo (Autor)
Format: Książka
Język:hiszpański
Wydane: Ciudad de México Porrúa 1975
Seria:Sepan Cuántos, 301
Hasła przedmiotowe:
Etykiety: Dodaj etykietę
Nie ma etykietki, Dołącz pierwszą etykiete!

MARC

LEADER 00000cam a2200000 a 4500
001 UCZ2604
003 CL-VaPUC
008 951005e19750000MX |||||||||||||||||spa|d
082 0 4 |a 189.4  |b TOM  |2 21 
100 |a Tomás de Aquino  |d 1220-1274  |c Santo  |e author  |9 255832 
245 1 0 |a Tratado de la ley 
246 1 0 |a Tratado de la justicia 
246 1 0 |a Opúsculo sobre el gobierno de los príncipes 
300 |a 401 p 
942 |c BK 
945 |d 19951005 00:00:00  |a cmena 
260 |a Ciudad de México  |b Porrúa  |c 1975 
650 7 |a LEGISLACION  |2 CL-VaPUC  |9 346383 
650 0 |a Justicia   |9 255408 
650 0 |a Ética  |9 255099 
650 0 |a Política  |9 255312 
650 0 |a Teología   |9 258766 
650 0 |a Tomismo  |9 259214 
650 0 |a Cristianismo  |9 257361 
650 7 |a DOCTRINAS RELIGIOSAS  |2 CL-VaPUC  |9 337177 
583 |a last modification  |c 20150416 15:37:22  |k Rodrigo Vera 
490 0 |a Sepan Cuántos, 301 
999 |c 239172  |d 239170 
952 |0 0  |1 0  |4 0  |6 189_400000000000000_TOM_1975  |7 0  |8 A  |9 250055  |a BIBEDU  |b BIBEDU  |d 2019-11-18  |i 1568655  |o 189.4 TOM 1975  |p 1568655  |r 2019-11-18  |w 2019-11-18  |y BK  |k FIL 
952 |0 0  |1 0  |4 0  |6 189_400000000000000_TOM_1975  |7 0  |8 A  |9 250056  |a BIBEDU  |b BIBEDU  |d 2019-11-18  |i 1580493  |o 189.4 TOM 1975  |p 1580493  |r 2019-11-18  |w 2019-11-18  |y BK  |k FIL 
952 |0 0  |1 0  |4 0  |6 189_400000000000000_TOM_1975  |7 0  |8 A  |9 250057  |a BIBDER  |b BIBDER  |d 2019-11-18  |i 3919528  |l 2  |o 189.4 TOM 1975  |p 3919528  |r 2024-09-09  |s 2024-09-09  |w 2019-11-18  |y BK  |k DER 
952 |0 0  |1 0  |4 0  |6 189_400000000000000_TOM_1975  |7 0  |8 DER_TF  |9 250058  |a BIBDER  |b BIBDER  |d 2019-11-18  |i 4018087  |o 189.4 TOM 1975  |p 4018087  |r 2019-11-18  |w 2019-11-18  |x Ubicación 4to Piso  |y BK  |z Estos recursos deben solicitarse con anticipación  |k DER 
952 |0 0  |1 0  |3 erb  |4 0  |6 189_400000000000000_TOM_1975  |7 0  |8 A  |9 250059  |a FDOHBE  |b FDOHBE  |e Huesbe Llanos, Marco Antonio, 1934-  |i 5305063  |o 189.4 TOM 1975  |p 5305063  |r 2024-01-30  |w 2019-11-18  |y BK  |z Catalogado en:20160520  |k HBE